Тест на общие знания №20 - Statistics

General Stats
  • This quiz has been taken 57 times
  • The average score is 9 of 20
Answer Stats
Вопрос Ответ % Correct
В какой день недели Робинзон Крузо познакомился с аборигеном? пятница
83%
Сколько звуков в слове "постель"? 6
80%
Какое имя носили шесть правителей России, из которых четверо принадлежали династии Рюриковичей, а двое - Романовых? Иван
78%
Какая математическая функция соответствует графику y = x²? парабола
75%
Как называется серия из трёх книг/фильмов? трилогия
75%
Возлюбленной какого писателя была Лиля Брик? Владимир Маяковский
60%
В честь какой горной системы названы модели мотоцикла, грузового автомобиля, а также екатеринбургский футбольный клуб и команда КВН? Урал
60%
Какой известный литературный персонаж жил в Шервудском лесу? Робин Гуд
45%
На территории какой современной страны находился Карфаген? Тунис
43%
Что такое Ио, Калипсо и Европа? спутники Юпитера
40%
В каком городе вы окажетесь, если приземлитесь в аэропорту Ханэда? Токио
38%
С каким морем в 1990-м году граничили две страны, а сейчас - пять? Каспийское море
38%
Что такое эвтаназия? усыпление
33%
В честь какого моллюска был назван подводный корабль капитана Немо? наутилус
33%
Что противоположно пацифизму? милитаризм
30%
В какой игре, похожей на бильярд, используется один белый шар, пятнадцать красных шаров, и шесть шаров разных цветов? снукер
25%
Чьей женой была Лилит? Адам
25%
Какой прибор измеряет относительную влажность воздуха? гигрометр
23%
К какой группе языков относятся русский, украинский и белорусский? славянская
20%
Каким было настоящее человеческое имя Сплинтера - наставника черепашек-ниндзя? Хамато Ёси
10%
No matching quizzes found
Score Distribution
Percent of People with Each Score
Percentile by Number Answered
Your Score History
You have not taken this quiz